000 00343nam a2200133 i 4500
001 bg
100 1 _aMIKISEV, G. H.
245 0 _aDinamika tverdogo tela s polstjami castieno zapolnennymi żidkostju /
_cG.H. Mikisev.
260 _aMoskwa,
_c1968.
040 _cBPK
041 _apol
942 _cKS
008 s pl f |000 0 pol
999 _c8046
_d8046
856 _uhttp://koha.tu.koszalin.pl/cgi-bin/koha/opac-detail.pl?biblionumber=8046
_yKatalog online BPK